000 03719nam2a22004571 4500
001 RU\NLR\19V\935837
005 20260407113036.0
035 _a(NLR Aleph) 010506327
090 _a10157884
_c10157884
100 _a20141017d1821 |||y0rusy50 ca
101 0 _arus
102 _aRU
135 _acrcn 024anaba
140 _ay y zz yyyaa0000
200 0 _a... четвертаго учебнаго курса
210 _aСанктпетербург
_cв Медицинской типографии
_d1821
215 _a20 с.
_d8° (21 см)
300 _aЦенз.: Поликарп, архим., 18 июня 1821 г.
316 _aЭкз. РНБ (18.51.6.18 (1)) является частью владельч. конволюта. Припл. 1 един. В цельнокожаном зеленом пер. Корешок гладкий, с золотым тиснением. Крышки пер. украшены орнамент. рамками золотого тиснения. На нижней крышке пер. наклейка с шифром РНБ и штампом электр. б-ки . Обрез золотой. Подвертки также украшены золотым тиснением. На форзаце ярлык с шифром РНБ (поверх экслибриса Эрмитаж. б-ки) и старый ярлык. На тит. л. круглый штамп ГПБ. Размер: 20,6х13х1,5 см
_5NLR: 18.51.6.18 (1)
317 _aВ экз. РНБ (18.51.6.18 (1)) на форзаце экслибрис Эрмитажной б-ки (Богомолов 17894)
_5NLR: 18.51.6.18 (1)
325 _aКопия доступна в Электрон. б-ке РНБ
461 1 _1001RU\NLR\19V\935835
_12001#$aПредметы, назначенные для открытаго испытания студентов Санктпетербургской духовной академии при окончании...$v... четвертого учебного курса
481 0 _1001v19\rc\2112213
_95143642
_cСанктпетербург
_dценз. 1821
_nв Медицинской типографии
_oизданные по случаю испытания, при окончании четвертаго учебнаго курса 1821 года
_p140 с.
_tНекоторые опыты упражнений воспитанников Санктпетербургской духовной академии,
518 1 _a... четвертого учебного курса
702 0 _4190
_8rus
_7ca
_aПоликарп
_cГойтанников, Петр Ефимович
_cархимандрит
_f1787-1837
_3RU\NLR\AUTH\7792559
_975486
712 0 1 _4610
_aРоссия
_bМинистерство внутренних дел
_bМедицинская типография
_3RU\NLR\AUTH\889942197
_9379251
801 0 _aRU
_bNLR
_c20141017
_gpsbo
801 1 _aRU
_bNLR
_c20141017
_2rusmarc
852 _aNLR
_j18.51.6.18 (1)
942 _cBOOK
980 _aNB
980 3 _akpcivil2020
980 3 _akp2020
980 3 _akp
981 4 3 _a(43) Тематическая подборка Санкт-Петербург
_b(43) Духовное образование
981 2 2 _a(22) Материалы по истории России
_b(22) Религиозные конфессии
981 2 0 _a(20) Книжные памятники РНБ
_b(20) Русский книжный фонд